| 000 | 00627nam a22002057a 4500 | ||
|---|---|---|---|
| 005 | 20170825120248.0 | ||
| 010 | _aENG-120074 | ||
| 020 |
_c500.00 _a9789351461616 |
||
| 035 | _aEN-103606 | ||
| 037 | _bDBAD/PUB | ||
| 082 | _a597 | ||
| 100 | _aSrivastava, Gopalji | ||
| 245 |
_aFisher of U.P and Bihar / _cby Gopalji Srivastava |
||
| 260 |
_aVaranasi _bVishwavidyalaya Prakashan _c2016 |
||
| 270 |
_aPost Box No. 1149, Vishalakshi Building (Basement), Chowk, _bVaranasi _e221001 |
||
| 300 |
_axix, 207p. : _c22cm(Hb) _bill |
||
| 500 | _aIncludes index | ||
| 700 | _a | ||
| 942 |
_2ddc _cEN _h597 _mSRI |
||
| 999 |
_c143814 _d143814 |
||